| 000 | 00667nam a22002297a 4500 | ||
|---|---|---|---|
| 003 | DO-SdBNP | ||
| 005 | 20180221113353.0 | ||
| 008 | 171030b 1997||||| |||| 00| 0 spa d | ||
| 020 | _a9788434856851 | ||
| 040 |
_aBPMSU _bspa _cBPMSU |
||
| 100 | 1 | _aBrozon, M. B. | |
| 245 | 1 | 0 |
_a¡Casi medio año! / _cM. B. Brozon ; ilustración Rapi Diego |
| 250 | _a15a ed. | ||
| 260 |
_aMadrid : _bEdiciones SM ; _c1997. |
||
| 300 |
_a125 p. : _bil. ; _c19 cm. |
||
| 490 | 1 |
_aEl barco de vapor _v108 |
|
| 700 | 1 |
_aDiego, Rapi, _eil. |
|
| 830 | 0 |
_aEl barco de barco de vapor _n108 |
|
| 942 |
_2ddc _cBK |
||
| 945 | _aInventariado, 2018/MFF | ||
| 956 |
_aBTAVAREZ _b10 _c20173010 _d0038 |
||
| 999 |
_c12715 _d12715 |
||